000 00877nam a2200253 i 4500
001 000022466
003 DO-SdBNP
005 20240528113457.0
007 ta
008 101011s2006 dr abc 000 0 spa d
040 _aDO-SdBNP
_bspa
_cBNPHU
_erda
049 _aBNPD
082 _axxx
_bC172m
100 1 _aCamarena Gómez, Germán,
_946297
_eautor
245 1 3 _aLa montaña Isabel de Torres :
_borigen y evolución /
_cGermán Camarena Gómez ; presentación, Diógenes Martínez Fermín.
264 _aPuerto Plata, República Dominicana :
_bGermosén,
_c2006.
300 _a142 páginas :
_bilustraciones y retratos ;
_c23 cm.
336 _2rdacontent
_atexto
_btxt
337 _2rdamedia
_asin mediación
_bn
338 _2rdacarrier
_avolumen
_bnc
590 _aInventariado, 2024/BT
700 1 _aMartínez Fermín, Diógenes,
_946298
_epresentación
942 _2ddc
_cLBS1
999 _c21964
_d21964